000
00274nam a2200097 4500
082
0
_a
374
245
1
1
_a
Handbook for adult learning materials at community level
260
_a
Tokyo
_b
Asia/ Pacific Cultural Centre for UNESCO (ACCU)
_c
c.2001
300
_a
116 p.
942
_2
ddc
_c
BK
999
_c
64484
_d
64458